Storms and starlight. (Record no. 12594)

000 -LEADER
fixed length control field 00540nam a2200181 a 4500
001 - CONTROL NUMBER
control field :::00010402$&:&@@
003 - CONTROL NUMBER IDENTIFIER
control field OkBaRHE
005 - DATE AND TIME OF LATEST TRANSACTION
control field 20000607103358.0
008 - FIXED-LENGTH DATA ELEMENTS--GENERAL INFORMATION
fixed length control field s1951 j 000 0 eng u
040 ## - CATALOGING SOURCE
Transcribing agency
100 1# - MAIN ENTRY--PERSONAL NAME
Personal name Edman, Victor Raymond, 1900-
245 10 - TITLE STATEMENT
Title Storms and starlight.
260 ## - PUBLICATION, DISTRIBUTION, ETC. (IMPRINT)
Place of publication, distribution, etc Wheaton, IL., :
Name of publisher, distributor, etc Van Kampen Press
Date of publication, distribution, etc c1951
300 ## - PHYSICAL DESCRIPTION
Extent 240 p. ;
Dimensions : 20 cm.
650 ## - SUBJECT ADDED ENTRY--TOPICAL TERM
Topical term or geographic name as entry element Christian Life
942 ## - ADDED ENTRY ELEMENTS (KOHA)
Source of classification or shelving scheme
Koha item type Books
Copies
Lost status Date last seen Withdrawn status Source of classification or shelving scheme Price effective from Permanent Location Shelving location Not for loan Damaged status Date acquired Copy number Full call number Barcode Koha item type
 2010-04-14  2010-04-14RHEMA Bible Training CollegeGeneral Stacks  2010-04-141BV 4501 .E3210402Books